[Event "AUTO-ELITE-1791"]
[Site "http://www.queenalice.com/game.php?id=1465340"]
[Date "2017.2.19"]
[Round "1"]
[White "netus"]
[Black "zaccho"]
[Result "1-0"]
[WhiteElo "2303"]
[BlackElo "2314"]

1. d4 Nf6 2. c4 e6 3. Nc3 Bb4 4. e3 O-O 5. Bd3 d5 6. Nf3 c5 7. O-O Nc6 8. a3
Bxc3 9. bxc3 dxc4 10. Bxc4 Qc7 11. Bd3 e5 12. Qc2 Re8 13. e4 1-0

[Event "AUTO-ELITE-1791"]
[Site "http://www.queenalice.com/game.php?id=1465341"]
[Date "2017.2.19"]
[Round "1"]
[White "zaccho"]
[Black "AyltonChessGM"]
[Result "1-0"]
[WhiteElo "2306"]
[BlackElo "2248"]

1. e4 c5 2. Nf3 Nc6 3. Bb5 a6 4. Bxc6 dxc6 5. d3 Nf6 6. O-O e6 7. Nbd2 Be7 8.
Nc4 b5 9. Nce5 Bb7 10. Bg5 h6 11. Bxf6 Bxf6 12. Qc1 Qc7 13. Qf4 O-O-O 14. a4
Bxe5 15. Nxe5 f6 16. Ng6 Qxf4 17. Nxf4 Rhe8 18. Nh5 Re7 19. f4 1-0

[Event "AUTO-ELITE-1791"]
[Site "http://www.queenalice.com/game.php?id=1465342"]
[Date "2017.2.19"]
[Round "1"]
[White "AyltonChessGM"]
[Black "zaccho"]
[Result "0-1"]
[WhiteElo "2320"]
[BlackElo "2314"]

1. d4 Nf6 2. Nf3 b6 3. e3 Bb7 4. c4 g6 5. Nc3 Bg7 6. Be2 O-O 7. O-O d6 8. h3
Nbd7 9. b3 e5 10. Bb2 exd4 11. exd4 Re8 12. Qc2 Ne4 13. Rad1 Nxc3 14. Bxc3 Re6
15. Rde1 Qf6 16. Bd1 Ree8 17. Re3 Rxe3 18. fxe3 Qe7 19. Re1 f5 20. Bb2 Qf6 21.
Kh2 Rf8 22. Bc1 g5 23. Qe2 g4 24. Ng1 Be4 25. hxg4 Qh4+ 26. Nh3 fxg4 27. Rf1
gxh3 28. Rxf8+ Nxf8 29. gxh3 Ne6 30. Qf1 Ng5 31. Bg4 h5 0-1

[Event "AUTO-ELITE-1791"]
[Site "http://www.queenalice.com/game.php?id=1491039"]
[Date "2017.8.21"]
[Round "2"]
[White "FabioDavid"]
[Black "zaccho"]
[Result "1/2-1/2"]
[WhiteElo "2526"]
[BlackElo "2326"]

1. b3 e5 2. Bb2 Nc6 3. e3 Nf6 4. Bb5 Bd6 5. Na3 e4 6. Nc4 Be7 7. Bxc6 bxc6 8.
Ne2 O-O 9. O-O a5 10. a4 c5 11. Ng3 d5 12. Ne5 Bd6 13. d4 cxd4 14. exd4 Re8 15.
c4 c5 16. cxd5 cxd4 17. Nc6 Qd7 18. Qxd4 Bxg3 19. hxg3 Qxd5 20. Qxd5 Nxd5 21.
Rfd1 Be6 22. Re1 e3 23. fxe3 Nb4 24. Nxb4 axb4 25. a5 Bxb3 26. a6 Bc2 27. Ra5 b3
28. a7 f6 29. Kf2 Red8 30. Rea1 Be4 31. Ke2 Rd7 32. R1a4 Bxg2 33. e4 Kf7 34. Ke3
Rc7 35. Ra1 Re7 36. R1a4 h5 37. Bc3 Kg6 38. Ra6 Rc7 39. Bb2 Rf7 40. Bc3 Rc7 41.
Bb2 Re7 42. Bc3 Bh3 43. Bd4 Bg2 44. Bb2 Bh3 45. Bd4 Bg2 46. Bb2 Kg5 47. R6a5+
Kg6 48. Ra6 Bf1 49. R6a5 Bh3 50. Bd4 Bg2 51. Bb2 Rc7 52. Bd4 Rb7 53. Bb2 Re7
1/2-1/2

[Event "AUTO-ELITE-1791"]
[Site "http://www.queenalice.com/game.php?id=1491040"]
[Date "2017.8.21"]
[Round "2"]
[White "zaccho"]
[Black "FabioDavid"]
[Result "0-1"]
[WhiteElo "2332"]
[BlackElo "2517"]

1. e4 Nc6 2. Nf3 d6 3. d4 Nf6 4. Nc3 Bg4 5. d5 Nb8 6. h3 Bxf3 7. Qxf3 g6 8. Bg5
Nbd7 9. O-O-O Bg7 10. Qe2 O-O 11. Qd2 c6 12. Qe3 Qb6 13. Qxb6 axb6 14. a3 h6 15.
Be3 Nc5 16. f3 Nfd7 17. Na2 Rfc8 18. Nb4 b5 19. c3 Na4 20. dxc6 bxc6 21. Kc2
Ndb6 22. Ra1 Nc4 23. Bc1 Nab6 24. b3 Na5 25. Na2 Nb7 26. Kb2 d5 27. Be3 c5 28.
Rd1 dxe4 29. fxe4 Nd6 30. Rc1 Nxe4 31. Bxb5 Nd6 32. Bd3 Rab8 33. Rce1 c4 34.
bxc4 Nbxc4+ 35. Kc1 Rb3 36. Re2 Bxc3 37. Bxc4 Nxc4 38. Kd1 Nxe3+ 39. Rxe3 Rb1+
40. Ke2 Rb2+ 41. Kf3 Rxa2 42. Rxe7 Bf6 43. Re3 Ra8 44. Rb3 R2xa3 45. Rxa3 Rxa3+
46. Ke4 Ra1 47. Rxa1 Bxa1 48. g4 Kg7 49. h4 Kf6 50. Kd5 h5 51. g5+ Kf5 52. Kc4
Kg4 53. Kd5 Kxh4 54. Ke4 Kg3 55. Ke3 h4 0-1

[Event "AUTO-ELITE-1972"]
[Site "http://www.queenalice.com/game.php?id=1524332"]
[Date "2018.4.20"]
[Round "1"]
[White "zaccho"]
[Black "neza"]
[Result "0-1"]
[WhiteElo "2300"]
[BlackElo "2352"]

1. e4 c5 2. Nf3 d6 3. d4 cxd4 4. Nxd4 e6 5. Nc3 a6 6. Be2 Nf6 7. Be3 Qc7 8. f4
b5 9. Bf3 Bb7 10. e5 dxe5 11. Bxb7 exd4 12. Bxa8 dxe3 13. Qf3 Ba3 14. Nd1 Bxb2
15. Nxb2 Qc3+ 16. Ke2 Qxc2+ 17. Kxe3 Qxb2 18. Rhb1 Qc3+ 19. Kf2 Qd4+ 20. Kf1 O-O
21. Rd1 Qc4+ 22. Kg1 Nbd7 23. Bb7 Rb8 24. Rac1 Qxa2 25. Qc3 h5 26. Ra1 Qc4 27.
Qxc4 bxc4 28. Bxa6 c3 29. Rac1 Nd5 30. Bc4 N7f6 31. Rd3 g6 32. h4 Kg7 33. g3 Rb2
34. Rf3 Ne4 35. Bd3 Nc5 36. Bc4 Nb3 37. Rcxc3 Nxc3 38. Rxc3 Nd4 39. Kf1 Nf5 40.
Ba6 Rb6 41. Be2 Rb2 42. Bc4 Kf6 43. Be2 Ke7 44. Ke1 Ra2 45. Kf2 e5 46. fxe5 Nd4
47. Re3 Nxe2 48. Rxe2 Rxe2+ 49. Kxe2 Ke6 50. Ke3 Kxe5 51. Kf3 Kf5 52. Kg2 Kg4
53. Kf2 f6 54. Kg2 g5 55. Kf2 Kh3 56. hxg5 fxg5 57. Ke3 Kxg3 58. Kd4 h4 59. Ke4
h3 0-1

[Event "AUTO-ELITE-1972"]
[Site "http://www.queenalice.com/game.php?id=1524333"]
[Date "2018.4.20"]
[Round "1"]
[White "neza"]
[Black "zaccho"]
[Result "1-0"]
[WhiteElo "2329"]
[BlackElo "2325"]

1. e4 Nc6 2. d4 d5 3. e5 Bf5 4. c3 e6 5. Bd3 Nge7 6. Ne2 Qd7 7. O-O f6 8. f4
O-O-O 9. Ng3 Bxd3 10. Qxd3 h5 11. b4 h4 12. Ne2 a6 13. Rf3 Qe8 14. a4 Nf5 15. b5
Nb8 16. Nd2 Be7 17. Ba3 g5 18. Bxe7 Qxe7 19. exf6 Qxf6 20. fxg5 Qxg5 21. Nf4
Rdg8 22. Qe2 Re8 23. Nb3 Rhf8 24. Nxe6 Qh6 25. Nbc5 Nd7 26. bxa6 Nxc5 27. a7
Rxe6 28. a8=Q+ Kd7 29. Qb5+ c6 30. dxc5 cxb5 31. Qxb7+ Ke8 32. axb5 Re7 33. Ra8+
Kf7 34. Rxf5+ Kg6 35. Ra6+ Kxf5 36. Qxd5+ Re5 37. Qd3+ Kg4 38. Qd1+ Kg5 39. Rxh6
Kxh6 40. Qd6+ Re6 41. Qxe6+ Kh5 42. b6 Rb8 43. Qe5+ 1-0

[Event "AUTO-ELITE-1972"]
[Site "http://www.queenalice.com/game.php?id=1524334"]
[Date "2018.4.20"]
[Round "1"]
[White "zaccho"]
[Black "GEMAN"]
[Result "0-1"]
[WhiteElo "2313"]
[BlackElo "2285"]

1. d4 d5 2. Nf3 Nf6 3. c4 e6 4. e3 c5 5. cxd5 exd5 6. Bb5+ Bd7 7. Bxd7+ Nbxd7 8.
dxc5 Nxc5 9. O-O Be7 10. Bd2 O-O 11. Bc3 Nfe4 12. Bd4 Ne6 13. Nc3 Nxd4 14. Nxd4
Nxc3 15. bxc3 Rc8 16. Qb3 Qd7 17. Rad1 Bf6 18. Rd3 Rc5 19. Rfd1 a5 20. Nf3 a4
21. Qxd5 Rxd5 22. Rxd5 Qc6 23. Ne5 Bxe5 24. Rxe5 Qf6 25. Red5 Qxc3 26. h3 Qc6
27. Rd8 Qc2 28. a3 h6 29. R8d7 Qc6 30. R7d6 Qc5 31. Rd7 b5 32. Ra1 Re8 33. Rd3
g6 34. Rad1 Kg7 35. Kh1 b4 36. axb4 Qxb4 37. Rd4 Qb2 38. R1d2 Qb5 39. R4d3 Rc8
40. Rd1 Qb2 41. Rd6 a3 42. R6d5 Rc1 43. Kh2 a2 44. Rxc1 Qxc1 45. Rd4 a1=Q 46.
Kg3 Qc7+ 47. Kf3 Qa8+ 48. Ke2 Qxg2 49. Rd2 Qcg3 50. Kd3 Qf1+ 51. Kd4 Qd6+ 52.
Kc3 Qc1+ 53. Rc2 Qc5+ 54. Kd3 Q1xc2# 0-1

[Event "AUTO-ELITE-1972"]
[Site "http://www.queenalice.com/game.php?id=1524335"]
[Date "2018.4.20"]
[Round "1"]
[White "GEMAN"]
[Black "zaccho"]
[Result "1-0"]
[WhiteElo "2312"]
[BlackElo "2290"]

1. e4 c5 2. Nc3 Nc6 3. g3 g6 4. Bg2 Bg7 5. d3 e5 6. Nf3 Nge7 7. O-O O-O 8. Be3
d6 9. Qd2 Nd4 10. Bh6 f6 11. Bxg7 Kxg7 12. h4 Qb6 13. Rab1 Bg4 14. Nh2 Be6 15.
Nf3 Nec6 16. Nxd4 Nxd4 17. a3 Rh8 18. Nd5 Bxd5 19. exd5 Qd8 20. b4 cxb4 21. Rxb4
b6 22. c3 Rc8 23. cxd4 Qd7 24. dxe5 fxe5 25. f4 Rhf8 26. Qb2 Rce8 27. Re1 Kg8
28. fxe5 dxe5 29. Rxe5 Rxe5 30. Be4 Qh3 31. Qg2 Qxg2+ 32. Kxg2 Kf7 33. Rc4 Re7
34. Rc6 Rd7 35. Kf1 Kg7+ 36. Ke2 Rff7 37. Rc1 b5 38. Rc5 a6 39. Rc6 Rf6 40. Ke3
h5 41. d4 a5 42. Rc1 Re7 43. Rc6 Rf1 44. d6 Re1+ 45. Kf2 R7xe4 46. d7 Rxd4 47.
Rc7 Re7 48. d8=Q Rxd8 49. Rxe7+ Kh6 50. Ke3 Rb8 51. Kd3 b4 52. axb4 Rxb4 53. Kc2
Rg4 54. Re3 a4 55. Rd3 g5 56. hxg5+ Kxg5 57. Rd5+ Kh6 58. Ra5 Rxg3 59. Rxa4 1-0

[Event "AUTO-ELITE-2125"]
[Site "http://www.queenalice.com/game.php?id=1573949"]
[Date "2019.6.10"]
[Round "1"]
[White "GEMAN"]
[Black "zaccho"]
[Result "1-0"]
[WhiteElo "2333"]
[BlackElo "2279"]

1. e3 e5 2. c4 Nf6 3. Nc3 Nc6 4. Nf3 Bb4 5. Qc2 Bxc3 6. dxc3 e4 7. Nd4 Ne5 8. f4
exf3 9. Nxf3 Qe7 10. Nxe5 Qxe5 11. Be2 d6 12. O-O O-O 13. a4 Re8 14. a5 1-0

[Event "AUTO-ELITE-2125"]
[Site "http://www.queenalice.com/game.php?id=1573950"]
[Date "2019.6.10"]
[Round "1"]
[White "zaccho"]
[Black "GEMAN"]
[Result "0-1"]
[WhiteElo "2269"]
[BlackElo "2343"]

1. e4 e6 2. b3 Nf6 3. e5 Nd5 4. Nc3 d6 5. Nxd5 exd5 6. Nf3 dxe5 7. Nxe5 Bd6 8.
Bb2 Qe7 9. Qh5 Nd7 10. f4 O-O 11. Be2 g6 12. Nxd7 Bxd7 13. Qh6 f6 14. Kd1 Bf5
15. Bf3 Rae8 0-1

[Event "AUTO-ELITE-2125"]
[Site "http://www.queenalice.com/game.php?id=1573955"]
[Date "2019.6.10"]
[Round "1"]
[White "hepre"]
[Black "zaccho"]
[Result "0-1"]
[WhiteElo "2219"]
[BlackElo "2259"]

1. e4 c5 2. Nf3 Nf6 3. e5 Nd5 4. Nc3 e6 5. Nxd5 exd5 6. d4 Nc6 7. dxc5 Bxc5 8.
Qxd5 Qb6 9. Bc4 Bxf2+ 10. Ke2 O-O 11. Rf1 Bc5 12. Ng5 Nd4+ 13. Kd1 Ne6 14. Ne4
Bg1 0-1

[Event "AUTO-ELITE-2125"]
[Site "http://www.queenalice.com/game.php?id=1573956"]
[Date "2019.6.10"]
[Round "1"]
[White "zaccho"]
[Black "hepre"]
[Result "1-0"]
[WhiteElo "2270"]
[BlackElo "2208"]

1. e4 d5 2. Nc3 d4 3. Nce2 e5 4. Ng3 Be6 5. Nf3 Bd6 6. Bb5+ Nd7 7. c3 a6 8. Be2
c5 9. d3 h6 10. Bd2 Ne7 11. O-O O-O 12. Nh4 dxc3 13. bxc3 Re8 14. Rb1 1-0

[Event "AUTO-ELITE-2243"]
[Site "http://www.queenalice.com/game.php?id=1616740"]
[Date "2020.6.14"]
[Round "1"]
[White "etuz"]
[Black "zaccho"]
[Result "1-0"]
[WhiteElo "2269"]
[BlackElo "2337"]

1. e4 c5 2. Nc3 d6 3. Nf3 Nf6 4. d4 cxd4 5. Nxd4 e5 6. Bb5+ Nbd7 7. Nf3 Be7 8.
Bg5 O-O 9. Bxd7 Qxd7 10. Qd3 b6 11. O-O-O Bb7 12. Nxe5 Qe6 13. Nf3 Nxe4 14. Bxe7
Qxe7 15. Nxe4 Bxe4 16. Rhe1 Rfe8 17. Qxd6 Qxd6 18. Rxd6 Bxf3 19. Rxe8+ Rxe8 20.
gxf3 Kf8 21. Kd2 Ke7 22. Rd4 Kf6 23. Rd7 a6 24. c4 Re6 25. b4 Re7 26. Rxe7 Kxe7
27. Ke3 b5 28. c5 Ke6 29. Ke4 f6 30. f4 g6 31. h4 h6 32. Kd4 Kf7 33. c6 g5 34.
c7 gxh4 35. c8=Q Kg6 36. Ke4 f5+ 37. Ke5 Kg7 38. Qb7+ Kg6 39. Ke6 Kh5 40. Kxf5
h3 41. Qf3+ Kh4 42. Qg4# 1-0

[Event "AUTO-ELITE-2243"]
[Site "http://www.queenalice.com/game.php?id=1616741"]
[Date "2020.6.14"]
[Round "1"]
[White "zaccho"]
[Black "etuz"]
[Result "1-0"]
[WhiteElo "2323"]
[BlackElo "2283"]

1. e4 e5 2. Nf3 Nc6 3. d3 Nf6 4. Be2 d5 5. Nbd2 Be7 6. O-O O-O 7. c3 Be6 8. Qc2
h6 9. b4 a6 10. Rd1 Qd7 11. Nb3 Rfd8 12. h3 Qe8 13. Be3 b6 14. Rab1 Bd6 15. a4
a5 16. b5 Ne7 17. c4 dxc4 18. dxc4 Ng6 19. c5 Bxb3 20. Rxb3 Bxc5 21. Bxc5 bxc5
22. Rc3 Rxd1+ 23. Bxd1 Rd8 24. Rxc5 Nxe4 25. Rxc7 Nf6 26. Be2 Nd5 27. Rb7 e4 28.
Nd4 Nb4 29. Qc5 e3 30. Nf3 Qe4 31. Rc7 Nd5 32. Rc8 Rxc8 33. Qxc8+ Kh7 34. Qc4
exf2+ 35. Kxf2 Qe3+ 36. Kg3 Ngf4 37. Bd1 f5 38. Kh2 Qe6 39. Qd4 Qd6 40. g3 Ne6
41. Qd3 g6 42. Bb3 Nec7 43. h4 Qd7 44. h5 gxh5 45. Ne5 Qe6 46. b6 Qxe5 47. b7
Na6 48. Qxd5 Qxd5 49. Bxd5 Kg6 50. Bh1 Kg5 51. Bf3 h4 52. Bd5 Nc5 53. b8=Q hxg3+
54. Qxg3+ Kf6 55. Qd6+ Kg5 56. Qxc5 Kf6 57. Qd6+ Kg5 58. Bf7 h5 59. Kg3 h4+ 60.
Kh3 f4 61. Qg6# 1-0

[Event "AUTO-ELITE-2243"]
[Site "http://www.queenalice.com/game.php?id=1616744"]
[Date "2020.6.14"]
[Round "1"]
[White "jiba45"]
[Black "zaccho"]
[Result "0-1"]
[WhiteElo "2338"]
[BlackElo "2325"]

1. d4 Nf6 2. c4 e6 3. Nf3 d5 4. g3 Bb4+ 5. Bd2 Be7 6. Bg2 O-O 7. O-O Nbd7 8. Qc2
c6 9. Bf4 a5 10. Nbd2 Nh5 11. Be3 Bd6 12. Rac1 a4 13. b3 axb3 14. axb3 Qa5 15.
c5 Be7 16. Ne1 e5 17. dxe5 Nxe5 18. Bd4 Qc7 19. Qc3 Ng6 0-1

[Event "AUTO-ELITE-2243"]
[Site "http://www.queenalice.com/game.php?id=1616745"]
[Date "2020.6.14"]
[Round "1"]
[White "zaccho"]
[Black "jiba45"]
[Result "1-0"]
[WhiteElo "2312"]
[BlackElo "2351"]

1. e4 e5 2. Nf3 Nc6 3. Bb5 a6 4. Ba4 Nf6 5. O-O Be7 6. Re1 b5 7. Bb3 O-O 8. a4
Bb7 9. d3 Na5 10. Nxe5 Nxb3 11. cxb3 d5 12. axb5 axb5 13. Rxa8 Bxa8 14. exd5
Qxd5 15. Nf3 Qd7 16. Nc3 b4 17. Ne5 Qd4 18. Na4 Rd8 19. h3 Bf8 20. Re3 1-0